Physics of semiconductor devices (Record no. 585)

MARC details
000 -LEADER
Fixed length control field 00459nam a2200181 4500
003 - CONTROL NUMBER IDENTIFIER
Control field SEACOMEC
005 - DATE AND TIME OF LATEST TRANSACTION
Control field 20240206140545.0
008 - FIXED-LENGTH DATA ELEMENTS--GENERAL INFORMATION
Fixed length control field 240206b |||||||| |||| 00| 0 eng d
020 ## - INTERNATIONAL STANDARD BOOK NUMBER / ISBN
Price $6.70
040 ## - CATALOGING SOURCE
Original cataloging agency SEACOMEC
082 ## - DEWEY DECIMAL CLASSIFICATION NUMBER
Classification number 621.3862
Book Number S997
100 ## - MAIN ENTRY--PERSONAL NAME
Personal name Sze,S.M.
245 1# - TITLE STATEMENT
Title Physics of semiconductor devices
Statement of responsibility S.M. Sze
250 ## - EDITION STATEMENT
Edition statement 2nd ed.
260 ## - IMPRINT
Place of publication Singapore
Name of publisher John Wiley
650 ## - SUBJECT ADDED ENTRY--TOPICAL TERM
Topical term Technology,Specific topics in general radio
942 ## - ADDED ENTRY ELEMENTS (KOHA)
Koha item type Books
Holdings
Withdrawn status Lost status Source of classification Damaged status Not for loan Home library Current library Date acquired Total Checkouts Call number Accession number Date last seen Copy number Price effective from Koha item type
    Dewey Decimal Classification     SEACOM ENGINEERING COLLEGE SEACOM ENGINEERING COLLEGE 06/02/2024   621.3842 S997 02164 06/02/2024 8 06/02/2024 Books
    Dewey Decimal Classification     SEACOM ENGINEERING COLLEGE SEACOM ENGINEERING COLLEGE 06/02/2024   621.3842 S997 02165 06/02/2024 9 06/02/2024 Books
    Dewey Decimal Classification     SEACOM ENGINEERING COLLEGE SEACOM ENGINEERING COLLEGE 06/02/2024   621.3842 S997 02166 06/02/2024 10 06/02/2024 Books
    Dewey Decimal Classification     SEACOM ENGINEERING COLLEGE SEACOM ENGINEERING COLLEGE 06/02/2024   621.3842 S997 02167 06/02/2024 11 06/02/2024 Books
    Dewey Decimal Classification     SEACOM ENGINEERING COLLEGE SEACOM ENGINEERING COLLEGE 06/02/2024   621.3842 S997 02168 06/02/2024 12 06/02/2024 Books
    Dewey Decimal Classification     SEACOM ENGINEERING COLLEGE SEACOM ENGINEERING COLLEGE 06/02/2024   621.3842 S997 02169 06/02/2024 13 06/02/2024 Books
    Dewey Decimal Classification     SEACOM ENGINEERING COLLEGE SEACOM ENGINEERING COLLEGE 06/02/2024   621.3842 S997 02170 06/02/2024 14 06/02/2024 Books
    Dewey Decimal Classification     SEACOM ENGINEERING COLLEGE SEACOM ENGINEERING COLLEGE 06/02/2024   621.3842 S997 02171 06/02/2024 15 06/02/2024 Books
© Seacom Engineering College, All rights reserved.      Powered by Koha